The Ethics of Artificial Intelligence
Saved in:
| Other Authors: | |
|---|---|
| Format: | Book |
| Language: | English |
| Published: |
London
ISTE
2025
|
| Edition: | 1st Edition |
| Subjects: | |
| Tags: |
No Tags, Be the first to tag this record!
|
MARC
| LEADER | 00000nam a2200000 4500 | ||
|---|---|---|---|
| 001 | 0312798 | ||
| 005 | 20251120145258.7 | ||
| 020 | |a 9781394411344 | ||
| 041 | 0 | |a eng | |
| 044 | |a GB | ||
| 245 | 1 | 0 | |a The Ethics of Artificial Intelligence |c Edited by Franck Debos |
| 250 | |a 1st Edition | ||
| 264 | 1 | |a London |b ISTE |c 2025 | |
| 300 | |a 210 s. | ||
| 500 | |a ProQuest e-books. | ||
| 610 | 2 | 0 | |a inteligencia umelá |
| 610 | 2 | 0 | |a etika |
| 610 | 2 | 0 | |a mestá inteligentné |
| 610 | 2 | 0 | |a priemysel kreatívny |
| 610 | 2 | 0 | |a priemysel kultúrny |
| 700 | 1 | |a Debos, Franck | |